States that are Most Atheist or Agnostic - Statistics

General Stats
  • This quiz has been taken 28 times
  • The average score is 10 of 16
Answer Stats
Answer % Who are Religious % Correct
12 California 24%
96%
15 Washington 25%
89%
3 Maine 17%
85%
14 New York 25%
85%
2 New Hampshire 15%
81%
1 Vermont 13%
78%
11 Connecticut 23%
74%
7 Massachusetts 20%
74%
6 Oregon 19%
74%
10 Rhode Island 22%
67%
16 Alaska 26%
56%
8 Hawaii 21%
52%
5 Nevada 19%
52%
13 Colorado 24%
41%
9 Iowa 21%
22%
4 District of Columbia 18%
4%
No matching quizzes found
Score Distribution
Percent of People with Each Score
Percentile by Number Answered
Your Score History
You have not taken this quiz